[Event "ESP-ch U14"]
[Site "Salobrena"]
[Date "2021.07.12"]
[Round "2"]
[White "Habans Aguerrea, Javier"]
[Black "Munoz Romero, Pedro"]
[Result "1-0"]
[WhiteElo "2317"]
[BlackElo "1718"]
[PlyCount "115"]
[EventDate "2021.07.12"]
[EventType "swiss"]
[EventRounds "9"]
[EventCountry "ESP"]
[SourceTitle "EXT 2022"]
[Source "ChessBase"]
[SourceDate "2021.10.06"]
[SourceVersion "1"]
[SourceVersionDate "2021.10.06"]
[SourceQuality "1"]

1. d4 Nf6 2. Bg5 c5 3. d5 d6 4. Nc3 h6 5. Bf4 a6 6. a4 Bf5 7. f3 g5 8. Bg3 Bg7 9. e4 Bg6 10. Bc4 Nbd7 11. Nge2 Nh5 12. Bf2 Ne5 13. Bb3 f5 14. exf5 Bxf5 15. Ng3 Nxg3 16. hxg3 0-0 17. 0-0 Qd7 18. Qe2 Rfc8 19. a5 Rf8 20. Rfe1 Rf7 21. Ne4 Bxe4 22. Qxe4 Qf5 23. Qe2 Rc8 24. c4 Qd3 25. Qxd3 Nxd3 26. Re6 Bxb2 27. Rb1 Bf6 28. Bc2 Nxf2 29. Kxf2 Rc7 30. Ke3 Bd4+ 31. Ke4 Rf6 32. Rxf6 Bxf6 33. Kf5 Kg7 34. Rb3 Be5 35. f4 Bf6 36. Ke6 Kg8 37. Rf3 Kg7 38. Rb3 Kg8 39. Bg6 Kg7 40. Be8 Bd4 41. Bc6 bxc6 42. dxc6 Kg6 43. f5+ Kh5 44. Rb7 Rxc6 45. Kd7 Bc3 46. Kxc6 Bxa5 47. Rxe7 Bc3 48. Kxd6 a5 49. Re3 Bd4 50. Ra3 Kg4 51. Ke6 h5 52. f6 a4 53. f7 Bg7 54. Ke7 Kf5 55. Rxa4 Ke4 56. Ra8 h4 57. Rg8 h3 58. gxh3 1-0